KOHA-Header-6

Data and Computer Communications (Record no. 19)

000 -LEADER
fixed length control field 00367nam a2200157Ia 4500
003 - CONTROL NUMBER IDENTIFIER
control field OSt
005 - DATE AND TIME OF LATEST TRANSACTION
control field 20190918202636.0
008 - FIXED-LENGTH DATA ELEMENTS--GENERAL INFORMATION
fixed length control field 190722s9999 xx 000 0 und d
020 ## - INTERNATIONAL STANDARD BOOK NUMBER
International Standard Book Number 978-9332586932
040 ## - CATALOGING SOURCE
Transcribing agency MAJU
100 ## - MAIN ENTRY--PERSONAL NAME
Personal name William Stallings
245 #0 - TITLE STATEMENT
Title Data and Computer Communications
260 ## - PUBLICATION, DISTRIBUTION, ETC. (IMPRINT)
Place of publication, distribution, etc New Delhi
Name of publisher, distributor, etc Pearson
Date of publication, distribution, etc 2014
300 ## - PHYSICAL DESCRIPTION
Extent 864
942 ## - ADDED ENTRY ELEMENTS (KOHA)
Koha item type Books
Source of classification or shelving scheme
Holdings
Withdrawn status Lost status Damaged status Not for loan Collection code Permanent Location Current Location Shelving location Date acquired Full call number Barcode Date last seen Price effective from Koha item type
        Computer Networking MAJU MAJU Shelf No.A33 2019-07-22 4.6 6645 2019-07-22 2019-07-22 Computer Networking

Powered by Koha